| 000 | 00426nam a2200121Ia 4500 | ||
|---|---|---|---|
| 008 | 171212s9999 xx 000 0 und d | ||
| 020 | _a9781911307440 | ||
| 100 | _aTilley, Christopher;Cameron-Daum, Kate | ||
| 245 |
_cTilley, Christopher;Cameron-Daum, Kate _aAnthropology of Landscape _bThe Extraordinary in the Ordinary |
||
| 260 |
_bUCL Press _c2017 |
||
| 650 | _aAnthropology | ||
| 856 | _uhttp://jstor.org/stable/j.ctt1mtz542 | ||
| 999 |
_c352849 _d352849 |
||